| 000 | 00752nam a2200205 i 4500 | ||
|---|---|---|---|
| 001 | 58993 | ||
| 003 | ES-MaACL | ||
| 005 | 20230906163933.0 | ||
| 007 | t| | ||
| 008 | 031027s1921 fr |||| | fre d | ||
| 100 | 1 |
_aEddington, Arthur Stanley _cSir. _946616 |
|
| 245 | 1 | 0 |
_aEspace temps et gravitation _b: le theorie de la relativité generalisée dans les grandes lignes / _cA.S. Eddington ; traduit de l'anglais par J. Rossignol ; avec une introduction de P. Langeroni. |
| 260 |
_aParis : _b[s.n., _c1921] ( _fLaval Barneoud) |
||
| 300 |
_aXII, 149 p. ; _c25 cm. |
||
| 650 | 0 | 4 |
_aRelatividad (Física) _916793 |
| 650 | 0 | 4 |
_aEspacio y tiempo. _912462 |
| 700 | 1 |
_aRossignol, J. _999897 |
|
| 700 | 1 |
_aLangeroni, P. _970040 |
|
| 852 |
_aES-MaACL _jA-226 |
||
| 999 |
_c58993 _d58993 |
||